Bí quyết giúp con học tốt : Khắc phục những thói quen xấu Bồi dưỡng những thói quen tốt trong học tập

Sách cho chúng ta những kiến thức cơ bản về cách nuôi dạy con từ cách ứng xử đến việc thành lập những thói quen cho con. Tạo một môi trường giáo dục tốt cho con cái, giúp cho con cái có định hướng tốt hơn trong cuộc sống hằng ngày....

Полное описание

Сохранить в:
Библиографические подробности
Формат:
Язык:Undetermined
Опубликовано: Hà Nội Văn hóa Thông tin 2006
Предметы:
Метки: Добавить метку
Нет меток, Требуется 1-ая метка записи!
Thư viện lưu trữ: Trung tâm Học liệu Trường Đại học Cần Thơ
LEADER 01074nam a2200217Ia 4500
001 CTU_113091
008 210402s9999 xx 000 0 und d
020 |c 26000 
082 |a 649.1 
082 |b B300 
245 0 |a Bí quyết giúp con học tốt : 
245 0 |b Khắc phục những thói quen xấu Bồi dưỡng những thói quen tốt trong học tập 
245 0 |c Biên soạn: Hồng Hà 
260 |a Hà Nội 
260 |b Văn hóa Thông tin 
260 |c 2006 
520 |a Sách cho chúng ta những kiến thức cơ bản về cách nuôi dạy con từ cách ứng xử đến việc thành lập những thói quen cho con. Tạo một môi trường giáo dục tốt cho con cái, giúp cho con cái có định hướng tốt hơn trong cuộc sống hằng ngày. 
650 |a Child care,Child rearing,Children,Children 
650 |x Education,Health and hygiene 
904 |i Giang 
980 |a Trung tâm Học liệu Trường Đại học Cần Thơ